Animais mais rápidos - Statistics

Estatísticas Gerais
  • Esse quiz foi jogado 293 vezes
  • A pontuação média é 2 de 23
Estatísticas das Respostas
Hint Resposta % Correto
22º Leão
71%
14º Chita
44%
Falcão peregrino
39%
18º Avestruz
26%
21º Gnu
13%
Águia real
6%
17º Espadarte
4%
Andorinhão mongol
2%
15º Peixe vela
2%
19º Antilocapra
1%
Pombo comum
1%
13º Albatroz de cabeça cinzenta
0%
23º Antílope negro
0%
16º Beija flor de Anna
0%
20º Cabra de leque
0%
12º Falcão gerifalte
0%
Fragata
0%
11º Marlim preto
0%
10º Merganso de poupa
0%
Morcego das casas
0%
Ógea
0%
Pato ferrão
0%
Tavão
0%
Nenhum quiz correspondente encontrado
Distribuição das Pontuações
Porcentagem de Pessoas com Cada Pontuação
Percentil de Números Respondidos
Sua Pontuação Histórica
Você não jogou esse quiz